| 000 | 02278cam a2200349 a 4500 | ||
|---|---|---|---|
| 001 | |||
| 003 | FISKH | ||
| 005 | 20250331140900.0 | ||
| 008 | 090616s2010 nyu 000 f eng | ||
| 010 | _a 2009024712 | ||
| 020 | _a9780385531283 | ||
| 020 | _a9780008405618 | ||
| 020 | _a0385531281 | ||
| 040 |
_aDLC _cDLC _dYDX _dDLC _beng |
||
| 050 | _aPR6113.E77 H47 | ||
| 082 | _a823.92 | ||
| 100 | 1 |
_aParris, S. J., _d1974- |
|
| 245 | 1 | 0 |
_aHeresy : _ba thriller / _cS.J. Parris. |
| 250 | _aThis paperback edition in 2011 | ||
| 260 |
_aLondon : _bHarper Collins, _c2010 |
||
| 300 |
_a475, 20 pages : _c20 cm |
||
| 520 | 0 | _a"Giordano Bruno was a monk, poet, scientist, and magician on the run from the Roman Inquisition on charges of heresy for his belief that the Earth orbits the sun and that the universe is infinite. This alone could have got him burned at the stake, but he was also a student of occult philosophies and magic. In S. J. Parris's gripping novel, Bruno's pursuit of this rare knowledge brings him to London, where he is unexpectedly recruited by Queen Elizabeth I and is sent undercover to Oxford University on the pretext of a royal visitation. Officially Bruno is to take part in a debate on the Copernican theory of the universe; unofficially, he is to find out whatever he can about a Catholic plot to overthrow the queen. His mission is dramatically thrown off course by a series of grisly murders and a spirited and beautiful young woman. As Bruno begins to discover a pattern in these killings, he realizes that no one at Oxford is who he seems to be. Bruno must attempt to outwit a killer who appears obsessed with the boundary between truth and heresy. Like The Dante Club and The Alienist, this clever, sophisticated, exceptionally enjoyable novel is written with the unstoppable narrative propulsion and stylistic flair of the very best historical thrillers. | |
| 600 | 1 | 0 |
_aBruno, Giordano, _d1548-1600 _vFiction. |
| 650 | 0 |
_aChristian heretics _zItaly _vFiction. |
|
| 650 | 0 |
_aPhilosophers _zItaly _vFiction. |
|
| 650 | 0 |
_aInquisition _zItaly _vFiction. |
|
| 655 | 7 |
_aBiographical fiction. _2gsafd |
|
| 655 | 7 |
_aHistorical fiction. _2gsafd |
|
| 906 |
_a7 _bcbc _corignew _d1 _eecip _f20 _gy-gencatlg |
||
| 942 |
_2ddc _cBK _n0 |
||
| 999 |
_c6221 _d6221 |
||